LEADER 02105nas 2200649-a 450 001 996215395603316 005 20230222213018.0 011 $a1553-328X 035 $a(OCoLC)56829472 035 $a(CKB)1000000000024949 035 $a(CONSER)--2004213407 035 $a(EXLCZ)991000000000024949 100 $a20041027b20052018 s-- a 101 0 $aeng 135 $aurcnu|||||||| 181 $ctxt$2rdacontent 182 $cc$2rdamedia 183 $acr$2rdacarrier 200 10$aNeurology now 210 $a[New York, N.Y.] $c[Lippincott Williams & Wilkins] ;$a[Saint Paul, MN] $cAAN Enterprises, Inc.$d2005- 210 3 $aHagerstown $cLippincott Williams & Wilkins 300 $a"Official publication of the American Academy of Neurology (AAN)." 300 $aTitle from issue table of contents screen (Ovid Web site, viewed July 15, 2005). 311 $a1553-3271 531 0 $aNeurol. now 606 $aNeurology$vPeriodicals 606 $aNervous system$xDiseases 606 $aNervous system$xDiseases$vPeriodicals 606 $aNervous System Diseases 606 $aNeurologie$vPériodiques 606 $aSystème nerveux$xMaladies$vPériodiques 606 $aSystème nerveux$xMaladies 606 $aNervous system$xDiseases$2fast$3(OCoLC)fst01036098 606 $aNeurology$2fast$3(OCoLC)fst01036390 608 $aPeriodical 608 $aFulltext. 608 $aInternet Resources. 608 $aPeriodicals. 608 $aperiodicals.$2aat 608 $aPeriodicals.$2fast 608 $aPeriodicals.$2lcgft 608 $aPériodiques.$2rvmgf 615 0$aNeurology 615 0$aNervous system$xDiseases. 615 0$aNervous system$xDiseases 615 2$aNervous System Diseases 615 6$aNeurologie 615 6$aSystème nerveux$xMaladies 615 6$aSystème nerveux$xMaladies. 615 7$aNervous system$xDiseases. 615 7$aNeurology. 676 $a616.8 712 02$aAmerican Academy of Neurology. 906 $aJOURNAL 912 $a996215395603316 996 $aNeurology now$92076583 997 $aUNISA LEADER 01800oam 2200505M 450 001 9910716314503321 005 20200213070632.3 035 $a(CKB)5470000002520994 035 $a(OCoLC)1066030199 035 $a(OCoLC)995470000002520994 035 $a(EXLCZ)995470000002520994 100 $a20071213d1926 ua 0 101 0 $aeng 135 $aurcn||||||||| 181 $ctxt$2rdacontent 182 $cc$2rdamedia 183 $acr$2rdacarrier 200 10$aProviding an additional wing to the District of Columbia jail. April 5 (calendar day, April 13), 1926. -- Ordered to be printed 210 1$a[Washington, D.C.] :$c[U.S. Government Printing Office],$d1926. 215 $a1 online resource (2 pages) 225 1 $aSenate report / 69th Congress, 1st session. Senate ;$vno. 585 225 1 $a[United States congressional serial set ] ;$v[serial no. 8525] 300 $aBatch processed record: Metadata reviewed, not verified. Some fields updated by batch processes. 300 $aFDLP item number not assigned. 517 $aProviding an additional wing to the District of Columbia jail. April 5 606 $aBuilding 606 $aLegislative amendments 606 $aPrisons 606 $aCost 608 $aLegislative materials.$2lcgft 615 0$aBuilding. 615 0$aLegislative amendments. 615 0$aPrisons. 615 0$aCost. 701 $aCapper$b Arthur$f1865-1951$pRepublican (KS)$01386839 801 0$bWYU 801 1$bWYU 801 2$bOCLCO 801 2$bOCLCQ 801 2$bOCLCO 801 2$bOCLCQ 906 $aBOOK 912 $a9910716314503321 996 $aProviding an additional wing to the District of Columbia jail. April 5 (calendar day, April 13), 1926. -- Ordered to be printed$93520266 997 $aUNINA